Biggest U.S. Cities by State by Letter - A - Statistics

General Stats
  • This quiz has been taken 57 times
    23 since last reset
  • The average score is 11 of 15
Answer Stats
State City Pop. % Correct
Georgia Atlanta 498,715
95%
Texas Austin 961,855
95%
New Mexico Albuquerque 564,559
90%
Alaska Anchorage 291,247
90%
New York Albany 99,224
86%
Ohio Akron 190,469
81%
Maryland Annapolis 40,812
81%
Colorado Aurora 386,261
81%
Michigan Ann Arbor 123,851
76%
North Carolina Asheville 94,589
76%
Pennsylvania Allentown 125,845
71%
Virginia Alexandria 159,467
67%
Alabama Auburn 76,143
57%
Wisconsin Appleton 75,644
52%
South Dakota Aberdeen 28,495
48%
No matching quizzes found
Score Distribution
Percent of People with Each Score
Percentile by Number Answered
Your Score History
You have not taken this quiz since the last reset